000 01300naa a22003617a 4500
001 BR7908064
003 BR-BrBNA
005 20240918174520.0
007 ta
008 230509b bl.||||| |||| 00| 0 por d
040 _aBR-BrBNA
_bpor
_cBiblioteca Nacional de Agricultura
041 _a(Pt)
072 _aH70
_b0150
_b4020
_bG514
090 _aH70 BR7908064
100 1 _aWiendl, F.M.
100 1 _aWalder, J.M.M.
100 1 _aSgrillo, R.B.
111 1 _a1. Reuniao de Tecnicos em Rizicultura do Estado de Sao Paulo
_cCampinas, SP (Brazil)
_d5 Mar 1979
245 1 _aA desinfestacao do arroz por meio de radiacoes ionizantes [inseto, produto armazenado, controle fisico, Brasil]
260 3 _aCampinas, SP (Brasil):
_c1979.
500 _aAnais da 1. Reuniao de Tecnicos em Rizicultura do Estado de Sao Paulo Campinas, SP (Brasil): 1979. p. 67-77 (BR7908064-AM)H70
650 _aARROZ
650 _aARMAZENAMENTO
650 _aESTOCAGEM
650 _aINSETO
650 _aPRAGA DE PLANTA
650 _aDESINFECCAO
650 _aIRRADIACAO
650 _aCONTROLE FISICO
773 0 _tAnais da 1. Reuniao de Tecnicos em Rizicultura do Estado de Sao Paulo
_wH70 BR7908064
_gCampinas, SP (Brasil), 1979. p. 67-77
909 _a202404
_bLucia
_c55
_dLucia Elande
942 _cAM
_2AGRIS
999 _c311715
_d311715